Euroopan maat - Kirjoita ensimmäinen kirjain - Statistics

Yleistilastot
  • Tätä visaa on pelattu 1 025 kertaa
  • Keskiarvotulos 25 / 45
Vastaukset kartalla
Vastauksille on annettu kartalla punavihreä väri sen mukaan, kuinka moni on saanut sen oikein.
 
Vastaustilastot
maa % Oikein
Islanti
63%
Kreikka
63%
Kosovo
62%
Saksa
62%
Irlanti
61%
Latvia
61%
Ruotsi
61%
Liettua
60%
Monaco
60%
Portugali
60%
Slovakia
60%
Ukraina
60%
Yhdistynyt kuningaskunta
60%
Sveitsi
59%
Andorra
58%
Italia
58%
Venäjä
58%
Alankomaat
57%
Itävalta
57%
Norja
57%
Puola
57%
Tšekki
57%
Vatikaanivaltio
57%
Espanja
56%
Serbia
56%
Unkari
56%
Valko-Venäjä
56%
Viro
56%
Belgia
55%
Liechtenstein
55%
Ranska
55%
Tanska
55%
Bosnia ja Hertsegovina
54%
Kroatia
54%
Malta
54%
Suomi
53%
San Marino
52%
Luxemburg
51%
Moldova
51%
Albania
50%
Bulgaria
50%
Pohjois-Makedonia
50%
Slovenia
50%
Montenegro
49%
Romania
49%
Ehtoja vastaavia visoja ei löytynyt
Tulosjakauma
Jokaisen tuloksen saaneiden osuus
Persentiili vastausten määrän mukaan
Tuloshistoriasi
Et ole pelannut tätä visaa